Devan K̲havājah Mu̒īnuddīn Cishtī. / (Record no. 331635)

000 -LEADER
fixed length control field nam a22 7a 4500
003 - CONTROL NUMBER IDENTIFIER
control field NUST
005 - DATE AND TIME OF LATEST TRANSACTION
control field 20171011110858.0
008 - FIXED-LENGTH DATA ELEMENTS--GENERAL INFORMATION
fixed length control field 171011b xxu||||| |||| 00| 0 eng d
040 ## - CATALOGING SOURCE
Transcribing agency NUST
082 ## - DEWEY DECIMAL CLASSIFICATION NUMBER
Classification number 891.55111
Author Mark CHI
100 ## - MAIN ENTRY--PERSONAL NAME
Personal name K̲havājah Mu̒īnuddīn Cishtī.
9 (RLIN) 5334
245 ## - TITLE STATEMENT
Title Devan K̲havājah Mu̒īnuddīn Cishtī. /
Statement of responsibility, etc. by K̲havājah Mu̒īnuddīn Cishtī. tadveen Sadiq Zahid
260 ## - PUBLICATION, DISTRIBUTION, ETC.
Place of publication, distribution, etc. Lahore:
Name of publisher, distributor, etc. Al-Hamd publication,
Date of publication, distribution, etc. 2008
300 ## - PHYSICAL DESCRIPTION
Extent 192 p.
500 ## - GENERAL NOTE
General note Poetry
546 ## - LANGUAGE NOTE
Language note In urdu
650 ## - SUBJECT ADDED ENTRY--TOPICAL TERM
Topical term or geographic name entry element Persian Literature
9 (RLIN) 5335
880 ## - ALTERNATE GRAPHIC REPRESENTATION
Linkage 100-01\(3\r
Title خواجہ معین الدّین چشتی
880 ## - ALTERNATE GRAPHIC REPRESENTATION
Linkage 245-02\(3\r
Title دیوان خواجہ معین الدین چشتی
c خواجہ معین الدّین چشتی، مقدمہ و تدوین: صادق زاہد
880 ## - ALTERNATE GRAPHIC REPRESENTATION
Linkage 260-03\(3\r
Title لاہور:
b الحمد پبلی کیشنز،
c 2008
942 ## - ADDED ENTRY ELEMENTS (KOHA)
Source of classification or shelving scheme
Koha item type Book
Holdings
Withdrawn status Lost status Source of classification or shelving scheme Damaged status Not for loan Collection code Permanent Location Current Location Shelving location Date acquired Total Checkouts Full call number Barcode Date last seen Date last checked out Copy number Price effective from Koha item type
            Central Library (CL) Central Library (CL) Book Cart 10/11/2017 1 891.55111 CHI CL2751 10/25/2021 10/28/2019 1 10/11/2017 Book
© 2023 Central Library, National University of Sciences and Technology. All Rights Reserved.